Zdobywcy Pucharu Polski w piłce nożnej - Statystyki

Ogólne statystyki
  • Ten quiz został rozwiązany 308 razy
  • Średni wynik to 52 z 66
Statystyki odpowiedzi
Rok: Drużyna % Poprawnych
1955 Legia Warszawa
99%
1956 Legia Warszawa
99%
1964 Legia Warszawa
99%
1966 Legia Warszawa
99%
1973 Legia Warszawa
99%
1980 Legia Warszawa
99%
1981 Legia Warszawa
99%
1989 Legia Warszawa
99%
1990 Legia Warszawa
99%
1994 Legia Warszawa
99%
1995 Legia Warszawa
99%
1997 Legia Warszawa
99%
2008 Legia Warszawa
99%
2011 Legia Warszawa
99%
2012 Legia Warszawa
99%
2013 Legia Warszawa
99%
2015 Legia Warszawa
99%
2016 Legia Warszawa
99%
2018 Legia Warszawa
99%
1982 Lech Poznań
97%
1984 Lech Poznań
97%
1988 Lech Poznań
97%
2004 Lech Poznań
97%
2009 Lech Poznań
97%
1926 Wisła Kraków
94%
1967 Wisła Kraków
94%
2002 Wisła Kraków
94%
2003 Wisła Kraków
94%
2020 Cracovia
91%
1983 Lechia Gdańsk
89%
2019 Lechia Gdańsk
89%
1979 Arka Gdynia
85%
2017 Arka Gdynia
85%
1965 Górnik Zabrze
81%
1968 Górnik Zabrze
81%
1969 Górnik Zabrze
81%
1970 Górnik Zabrze
81%
1971 Górnik Zabrze
81%
1972 Górnik Zabrze
81%
1951 Ruch Chorzów
81%
1974 Ruch Chorzów
81%
1996 Ruch Chorzów
81%
1976 Śląsk Wrocław
77%
1987 Śląsk Wrocław
77%
1985 Widzew Łódź
77%
1952 Polonia Warszawa
76%
2001 Polonia Warszawa
76%
1957 ŁKS Łódź
75%
2010 Jagiellonia Białystok
72%
1986 GKS Katowice
64%
1991 GKS Katowice
64%
1993 GKS Katowice
64%
2014 Zawisza Bydgoszcz
64%
1998 Amica Wronki
53%
1999 Amica Wronki
53%
2000 Amica Wronki
53%
2006 Wisła Płock
49%
1962 Zagłębie Sosnowiec
44%
1963 Zagłębie Sosnowiec
44%
1977 Zagłębie Sosnowiec
44%
1978 Zagłębie Sosnowiec
44%
2005 Dyskobolia Grodzisk
31%
2007 Dyskobolia Grodzisk
31%
1992 Miedź Legnica
29%
1975 Stal Rzeszów
29%
1954 Gwardia Warszawa
18%
Nie znaleziono quizów pasujących do podanych kryteriów
Rozkład punktacji
Procent ludzi z każdym wynikiem
Percentyl według liczby udzielonych odpowiedzi
Twoja historia wyników
Nie rozwiązałeś tego quizu